Jóvenes, violencia(s) y contexto fronterizo : (Record no. 200794)

MARC details
000 -CABECERA
campo de control de longitud fija 00862nam a2200217 u 4500
005 - FECHA Y HORA DE LA ÚLTIMA TRANSACCIÓN
campo de control 20220816140312.0
008 - ELEMENTOS DE LONGITUD FIJA--INFORMACIÓN GENERAL
campo de control de longitud fija 190129s2016 r 000 0 eng d
020 ## - NÚMERO INTERNACIONAL NORMALIZADO PARA LIBROS
Número Internacional Estándar del Libro 9786078441877
035 ## - NÚMERO DE CONTROL DEL SISTEMA
Número de control de sistema UPN01000228699
049 ## - COLECCIÓN
Colección CG
050 #4 - SIGNATURA TOPOGRÁFICA DE LA BIBLIOTECA DEL CONGRESO
Número de clasificación HV6250.4 Y6.8
Número de documento/Ítem S2.4
100 1# - ASIENTO PRINCIPAL--NOMBRE PERSONAL
Nombre de persona Salazar Gutiérrez, Salvador
9 (RLIN) 42550
245 10 - MENCIÓN DE TÍTULO
Título Jóvenes, violencia(s) y contexto fronterizo :
Resto del título la construcción sociocultural de la relación vida-muerte en colectivos juveniles, Ciudad Juárez, México /
Mención de responsabilidad, etc. Salvador Salazar Gutiérrez.
260 ## - PUBLICACIÓN, DISTRIBUCIÓN, ETC.
Lugar de publicación, distribución, etc. Ciudad de México :
Nombre del editor, distribuidor, etc. Colofón :
-- UACJ,
Fecha de publicación, distribución, etc. 2016.
300 ## - DESCRIPCIÓN FÍSICA
Extensión 219 p. :
Otras características físicas il., gráfs., cuadros
650 #4 - ASIENTO SECUNDARIO DE MATERIA - TERMINO TEMATICO
Término de materia o nombre geográfico como elemento de entrada DELITOS CONTRA LA JUVENTUD -
Subdivisión geográfica CIUDAD JUAREZ, CHIHUAHUA
9 (RLIN) 27379
650 #4 - ASIENTO SECUNDARIO DE MATERIA - TERMINO TEMATICO
Término de materia o nombre geográfico como elemento de entrada JOVENES Y VIOLENCIA -
Subdivisión geográfica MEXICO
9 (RLIN) 22199
650 #7 - ASIENTO SECUNDARIO DE MATERIA - TERMINO TEMATICO
Término de materia o nombre geográfico como elemento de entrada Jóvenes
Subdivisión geográfica México
Subdivisión general Condiciones sociales
Fuente del encabezamiento o término
9 (RLIN) 21104
905 ## - TIPO DE MATERIAL
Tipo de material Libro
Holdings
Estado de retiro Estado de pérdida Fuente del sistema de clasificación o colocación Estado dañado No para préstamo Código de colección Localización permanente Ubicación/localización actual Ubicación en estantería Total de préstamos Clasificación Código de barras Fecha visto por última vez Número de copia Tipo de ítem Koha
    Library of Congress Classification     Colección General Bib. Gregorio Torres Quintero Bib. Gregorio Torres Quintero Planta baja   HV6250.4 Y6.8 S2.4 328381 31/12/2020 1 Libro
    Library of Congress Classification     Colección General Bib. Gregorio Torres Quintero Bib. Gregorio Torres Quintero Planta baja   HV6250.4 Y6.8 S2.4 328382 31/12/2020 1 Libro